MARC

LEADER 00000nam0a2200000 4500
001 280723
005 20231101235331.0
035 |a (RuTPU)RU\TPU\book\304279 
090 |a 280723 
100 |a 20150114d1985 k y0rusy50 ca 
101 0 |a rus 
102 |a RU 
105 |a a z 001zy 
200 1 |a Перспективы развития методов и средств измерения расхода  |e сборник научных трудов  |f Государственный научно-исследовательский институт теплоэнергетического приборостроения ; под ред. Г. Г. Иордана 
210 |a Москва  |c Изд-во НИИТеплоприбор  |d 1985 
215 |a 101 с.  |c ил. 
320 |a Библиография в конце статей 
606 |a Расходомеры электромагнитные  |2 stltpush  |3 (RuTPU)RU\TPU\subj\24010  |9 48468 
610 1 |a расход 
610 1 |a электромагнитные преобразователи 
610 1 |a программное обеспечение 
610 1 |a поверка 
610 1 |a метрологические характеристики 
610 1 |a счетчики газа 
610 1 |a погрешности 
610 1 |a коррекция 
675 |a 681.121.89  |v 3 
702 1 |a Иордан  |b Г. Г.  |4 340 
712 0 2 |a Государственный научно-исследовательский институт теплоэнергетического приборостроения  |2 stltpush  |3 (RuTPU)RU\TPU\col\14005  |9 25851 
801 1 |a RU  |b 63413507  |c 20150114 
801 2 |a RU  |b 63413507  |c 20170517  |g RCR 
942 |c BK